| 000 | 00884nam a2200205Ia 4500 | ||
|---|---|---|---|
| 008 | 0000001995 sp a 0000000000spa00 | ||
| 090 | _aPSP00 O43a | ||
| 100 | 1 | _aOlivares, Rosa | |
| 245 | 1 | 0 |
_aAndrés Nagel 1990-1995 _c/ texto Rosa Olivares ; fotografías Jesús Uriarte |
| 300 |
_a[40] p. _c/ 27 cm. |
||
| 500 | _aExposición realizada en la Galería Antonia Puyó, Zaragoza, en 1995 \ Texto bilingue: español e inglés \ Con el patronazgo del maestro venezolano Jesús Rafael Soto (q.e.p.d.) \ Registro auspiciado por el IDCT. Bogotá | ||
| 600 | 0 | 0 |
_a NAGEL, ANDRES DE, 1947 / _xTRABAJOS ARTISTICOS |
| 650 | 1 | 4 | _a ARTE CONTEMPORANEO ESPAÑOL |
| 650 | 1 | 4 | _aARTISTAS PLASTICOS ESPAÑOLES |
| 650 | 1 | 4 | _xCATALOGOS |
| 650 | 1 | 4 | _xEXPOSICIONES |
| 650 | 1 | 4 | _aPINTURA ESPAÑOLA |
| 700 | 1 | _aUriarte, Jesús | |
| 999 |
_c3807 _d3807 |
||
| 260 |
_aZaragoza : Galería Antonia Puyó _c1995 |
||